Caracterología y tipología aplicadas a la educación / (Record no. 94402)

MARC details
000 -LEADER
campo de control de longitud fija 00567nam a2200181 i 4500
001 - NÚMERO DE CONTROL
campo de control 94402
003 - IDENTIFICADOR DE NÚMERO DE CONTROL
campo de control ES-MaACL
005 - FECHA Y HORA DE LA ÚLTIMA TRANSACCIÓN
campo de control 20230906181452.0
007 - CAMPO FIJO DE DESCRIPCIÓN FÍSICA--INFORMACIÓN GENERAL
campo de control de longitud fija t|
008 - DATOS DE LONGITUD FIJA--INFORMACIÓN GENERAL
campo de control de longitud fija 050429s1961 sp ||||1| spa d
100 1# - ENTRADA PRINCIPAL--NOMBRE DE PERSONA
Nombre de persona Lorenzini, Giacomo.
9 (RLIN) 74138
245 10 - MENCIÓN DEL TÍTULO
Título Caracterología y tipología aplicadas a la educación /
Mención de responsabilidad, etc. Giacomo Lorenzini, S.D.B.; versión española por J. Fabregas Cami.
250 ## - MENCION DE EDICION
Mención de edición 3ª ed.
260 ## - PUBLICACIÓN, DISTRIBUCIÓN, ETC.
Lugar de publicación, distribución, etc. Alcoy :
Nombre del editor, distribuidor, etc. Marfil,
Fecha de publicación, distribución, etc. 1961.
300 ## - DESCRIPCIÓN FÍSICA
Extensión 284 p. ;
Dimensiones 21 cm.
700 1# - ENTRADA AGREGADA--NOMBRE PERSONAL
Nombre de persona Fábregas Camí, Juan.
9 (RLIN) 48558
852 ## - LOCALIZACIÓN
Ubicación ES-MaACL
Número de control de estantería C-22022
Sublocalización o colección R.50126
Holdings
Estatus retirado Estado de pérdida Estado de daño No para préstamo Biblioteca de origen Biblioteca actual Ubicación en estantería Fecha de adquisición Fuente de adquisición Total de préstamos Signatura topográfica completa Código de barras Visto por última vez Precio de reemplazo Tipo de ítem Koha
        Biblioteca del Ateneo de Madrid Biblioteca del Ateneo de Madrid Galería 17/01/2008     C-22022 1098595 23/02/2023 23/02/2023 Libro impreso